000 01021nam a2200265 i 4500
001 66814
003 ES-MaACL
005 20250821091800.0
007 t|
008 040402s2002 sp ||||1| spa d
020 _a84-95394-35-9
080 _a930.2(460.288)"15"
080 _a929 Juana I, Reina de Castilla
100 1 _aCarrilero Martínez, Ramón.
_935754
245 1 0 _aColección documental albacetense de la reina doña Juana (1505-1519) /
_cRamón Carrillero Martínez.
260 _aAlbacete :
_bInstituto de Estudios Albacetenses "Don Juan Manuel",
_c2002.
300 _a257 p. :
_bil. col. ;
_c24 cm.
490 1 _aSerie 0--Corpus, documenta y bibliografía ;
_v17
600 0 4 _aJuana
_bI,
_cReina de Castilla
_967140
651 4 _aAlbacete (Provincia)-
_xHistoria-
_yS.XVI-
_vFuentes.
_97637
710 2 _aInstituto de Estudios Albacetenses.
_94884
830 0 _aSerie 0--Corpus, documenta y bibliografía ;
_v17
_9179464
852 _aES-MaACL
_jL-27282
_bR.132913
999 _c66814
_d66814